000 00443nam a2200157Ia 4500
008 210716s2008 xx 000 0 und d
020 _a9788180520945
041 _aeng
082 _a658.312404 DEBT
100 _aDeb, Tapomoy.
245 _aHuman resource development: theory and practice.
_bTheory and practice.
250 _a1
260 _aNew delhi
_bAne Books India
_c2008
300 _axxv,546
650 _aHuman Resource Development
999 _c204131
_d204131